Tự học AutoCad qua các ví dụ

保存先:
書誌詳細
第一著者: Nguyễn, Đức Ngọc Quý
フォーマット: 図書
言語:Undetermined
出版事項: Thành phố Hồ Chí Minh Đại học Quốc gia 2004
主題:
タグ: タグ追加
タグなし, このレコードへの初めてのタグを付けませんか!
Thư viện lưu trữ: Trung tâm Học liệu Trường Đại học Cần Thơ
LEADER 00650nam a2200205Ia 4500
001 CTU_93569
008 210402s9999 xx 000 0 und d
020 |c 57000 
082 |a 620.004020285 
082 |b Qu600 
100 |a Nguyễn, Đức Ngọc Quý 
245 0 |a Tự học AutoCad qua các ví dụ 
245 0 |c Nguyễn Đức Ngọc Quý 
260 |a Thành phố Hồ Chí Minh 
260 |b Đại học Quốc gia 
260 |c 2004 
650 |a Autocad (computer programs),Engineering drawing 
650 |x Computer programs 
904 |i Nguyên 
980 |a Trung tâm Học liệu Trường Đại học Cần Thơ